| 000 | 00643nam a2200145Ia 4500 | ||
|---|---|---|---|
| 005 | 20240408082938.0 | ||
| 008 | 240331s9999 xx 000 0 und d | ||
| 082 |
_bDES _a331 |
||
| 100 | _ade Silva, B.M. Eric | ||
| 245 | 0 |
_aWhat every employer should know _cEric B,M, de Silva |
|
| 260 |
_aSri Lanka : _bLecturer in Management Studies / |
||
| 300 | _a61 p ., | ||
| 500 | _aThis Hand book titled " What every Employer Should know" is an attempt to fulfil this long felt need. The contents have been indexed alphabetically to provide ready and easy reference on any particular subject to which an employer wishes to make a reference. | ||
| 942 | _cL | ||
| 999 |
_c2706 _d2706 |
||